Statystyki dla Męskie Imiona na literę B

Kliknij tutaj aby rozwiązać quiz!

Ogólne statystyki

  • Ten quiz został rozwiązany 357 razy
  • Średni wynik to 8 z 19

Statystyki odpowiedzi

Imiona% Poprawnych
Bartosz
93%
Bartłomiej
87%
Bogdan
68%
Bogusław
54%
Bogumił
53%
Bolesław
53%
Bronisław
49%
Błażej
45%
Bożydar
35%
Benedykt
33%
Borys
32%
Bernard
30%
Bruno
29%
Beniamin
24%
Bonifacy
22%
Brajan
21%
Barnaba
18%
Bazyli
18%
Bastian
13%

Rozkład punktacji

Percentyl według liczby udzielonych odpowiedzi

Procent ludzi z każdym wynikiem

Twoja historia wyników

Nie rozwiązałeś tego quizu